00823 2200277 4500001002100000005001500021035002500036008004100061020002200102040001700124082001500141084001700156100003400173245010300207260003600310300003900346500003300385650002100418850001200439090002100451090002200472041000800494007000300502990002200505990001800527INLIS00000000000911520190314022250 a0010-081500000000553150806r2012 yoi g ind d a978-602-8981-64-8 aYOPDYOGbind04223a297.09 a297.09 SOP d0 aSopaat Rahmat Selamet,d1974-0 aDari Madinah hingga Indonesia :bpotret peradaban Islam dari masa ke masa /cSopaat Rahmat Selamet3 aYogyakarta :bDeepublish,c2012 axii, 246 halaman :btabel ;c20 cm aBibliografi: halaman 241-242 4aIslam--xSejarah aYOPDYOG aDEP 297.09 SOP d aCB-D.11 2012-24620 aindta aCB-D.11/2012-2462 a60189-PD/A.18